| 000 | 00708nam a22002532 4500 | ||
|---|---|---|---|
| 001 | 0000009303 | ||
| 003 | OSt | ||
| 005 | 20220930125247.0 | ||
| 008 | 080922s xx 000 0 eng d | ||
| 020 | _a0357371399 | ||
| 040 |
_aKABU _cKABU |
||
| 050 |
_aBF121 _b.C66 2022 |
||
| 100 | 1 | _aCoon, Dennis. | |
| 245 | 1 | 0 |
_aIntroduction to psychology : _bgateways to mind and behavior / _cDennis Coon, John Mitterer & Tanya Martini |
| 250 | _a16th ed. | ||
| 260 |
_aAustralia _bCengage _c2022 |
||
| 300 | _axxvi, 705p. | ||
| 650 | 0 | _aPsychology. | |
| 700 | 1 | _aMitterer, John | |
| 700 | 1 | _aMartini, Tanya | |
| 908 | _a080922 | ||
| 942 |
_2lcc _cBK |
||
| 999 |
_c19609 _d19608 |
||